000
00312nam a2200109Ia 4500
008
200302s9999 xx 000 0 und d
100
_a
Elisabeth Tostrup
245
_a
Architecture and Rhetoric/Text and Design in Architectural Competitions
260
_b
Andreas Papaakis Publisher
260
_c
1999
300
_a
207
999
_c
3641
_d
3641